Natural Gas Reservoir Engineering / (Record no. 15542)
[ view plain ]
| 000 -LEADER | |
|---|---|
| fixed length control field | 01118pam a2200277 a 4500 |
| 001 - CONTROL NUMBER | |
| control field | 2487054 |
| 005 - DATE AND TIME OF LATEST TRANSACTION | |
| control field | 20060811123932.0 |
| 008 - FIXED-LENGTH DATA ELEMENTS--GENERAL INFORMATION | |
| fixed length control field | 910523r19921984flua b 001 0 eng |
| 010 ## - LIBRARY OF CONGRESS CONTROL NUMBER | |
| LC control number | 91021671 |
| 020 ## - INTERNATIONAL STANDARD BOOK NUMBER | |
| International Standard Book Number | 0894646400 (alk. paper) |
| 020 ## - INTERNATIONAL STANDARD BOOK NUMBER | |
| International Standard Book Number | 9780894646400 (alk. paper) |
| 040 ## - CATALOGING SOURCE | |
| Original cataloging agency | DLC |
| Transcribing agency | DLC |
| Modifying agency | DLC |
| 050 00 - LIBRARY OF CONGRESS CALL NUMBER | |
| Classification number | TN880 |
| Item number | .I335 1992 |
| 082 00 - DEWEY DECIMAL CLASSIFICATION NUMBER | |
| Classification number | 622.3385 |
| Edition number | 22 |
| Item number | IKO |
| 100 1# - MAIN ENTRY--PERSONAL NAME | |
| Personal name | Ikoku, Chi U. |
| 9 (RLIN) | 24685 |
| 245 10 - TITLE STATEMENT | |
| Title | Natural Gas Reservoir Engineering / |
| Statement of responsibility, etc | Chi U. Ikoku. |
| 260 ## - PUBLICATION, DISTRIBUTION, ETC. (IMPRINT) | |
| Place of publication, distribution, etc | Malabar, Fla. : |
| Name of publisher, distributor, etc | Krieger Pub. Co., 1992 |
| Date of publication, distribution, etc | 1992. |
| 300 ## - PHYSICAL DESCRIPTION | |
| Extent | xxii, 503 p. : |
| Other physical details | ill. ; |
| Dimensions | 25 cm. |
| 500 ## - GENERAL NOTE | |
| General note | Originally published: New York : Wiley, c1984. |
| 504 ## - BIBLIOGRAPHY, ETC. NOTE | |
| Bibliography, etc | Includes bibliographical references and index. |
| 650 #0 - SUBJECT ADDED ENTRY--TOPICAL TERM | |
| Topical term or geographic name as entry element | Gas reservoirs. |
| 9 (RLIN) | 24686 |
| 653 ## - INDEX TERM--UNCONTROLLED | |
| Resource For college | |
| Arrived date list | June2011 |
| 942 ## - ADDED ENTRY ELEMENTS (KOHA) | |
| Source of classification or shelving scheme | Dewey Decimal Classification |
| Item type | Book - Borrowing |
| Withdrawn status | Item status | Source of classification or shelving scheme | Damaged status | Not for loan | Vendor | Home library | Current library | Shelving location | Date acquired | Source of acquisition | Cost, normal purchase price | Serial Enumeration / chronology | Total Checkouts | Total Renewals | Full call number | Barcode | Checked out | Date last seen | Date last borrowed | Koha item type |
|---|---|---|---|---|---|---|---|---|---|---|---|---|---|---|---|---|---|---|---|---|
| Dewey Decimal Classification | Baccah | Central Library | Central Library | First floor | 05/06/2011 | 680.00 | 12336 | 5 | 56 | 622.3385 IKO | 000024057 | 22/12/2014 | 22/11/2014 | 22/11/2014 | Book - Borrowing |